000
00292nam a2200109Ia 4500
008
171211s9999 xx 000 0 und d
245
_a
Apuntes de Aikido
245
_c
José Santos Nalda
260
_c
1981
650
_x
Martial Arts
856
_u
http://down.ebook777.com/064/9788420301266.pdf
999
_c
348182
_d
348182